000 00369nam a22001457a 4500
005 20250509080237.0
008 250509b |||||||| |||| 00| 0 eng d
082 _222
_a894
100 _aHaq, A. Lareena
245 _aErumai Maadum Thulasi Chediyum
260 _aKandy
_bThamil Mandram
_c2003
300 _a111 p .,
500 _aCollection of Short Stories
942 _cL
999 _c6043
_d6043